000
00337 a2200157 4500
001
58449
020
_a
8576790165
040
_c
Anchieta - Pituba
100
_a
Borja, Caroline
240
1
0
_a
Uma segunda chance
_l
por
245
1
0
_a
Uma segunda chance
300
_a
195
362
0
_a
2005
650
4
_a
Ficção brasileira
942
_c
BK
999
_c
58449
_d
58449